American cities sudden death - Statistics

General Stats
  • This quiz has been taken 54 times
  • The average score is 13 of 15
Answers on the Grid
Answers color-coded by a green-red scale on the quiz's grid according to % correct below.
New york
Raleigh
Mexico city
Houston
Havana
Praia
Belfast
Pattaya city
Charlotte
Indianapolis
Detroit
Halifax
Honolulu
Managua
Atlanta
Miami
New orleans
Cancun
Kota kinabalu
Dakar
Nashville
Nouakchott
Nassau
Philadelphia
Fredericton
Boston
Toronto
Hiroshima
Anchorage
Seattle
 
Answer Stats
Answer % Correct
New york
100%
Houston
90%
Boston
85%
Charlotte
85%
Detroit
85%
Honolulu
85%
Indianapolis
85%
New orleans
85%
Miami
83%
Atlanta
80%
Nashville
80%
Philadelphia
80%
Seattle
80%
Raleigh
78%
Anchorage
73%
No matching quizzes found
Score Distribution
Percent of People with Each Score
Percentile by Number Answered
Your Score History
You have not taken this quiz